000 00824nam a22002177a 4500
999 _c14978
_d14978
003 AR-CdUCM
008 190416b ||||| |||| 00| 0 spa d
020 _a958-04-0747-9
040 _aMUNICIPALIDAD PROVINCIAL DEL CUSCO
_cBIBLIOTECA MUNICIPAL DEL CUSCO
082 _aEP / 803 /
_bSA22
100 _aSánchez Juliao, David.
_933964
245 _aEl país más hermoso del mundo /
260 _aColombia :
_bGrupo editorial Norma,
_c2001.
300 _a144 paginas ;
_c19 cm.
440 _aColección torre de papel rojo.
_933965
505 _aContenido :El encuentro con el sol -- Un país donde la gente era superior al paisaje -- El país corazón de la tierra -- El país de los témpanos viajeros...
650 _aCuentos
_9217
650 _aHistorietas
_910786
942 _2ddc
_cLIBROS
945 _arum
_d2019-04-25